الدعوة الاسلامية في العصر الحاضر : :جبهانها الحاسمة ومجالاتها الرئيسية aldaewat aliaslamiat fi aleasr alhadir : jabhanuha alhasimat wamajalatuha alrayiysia / (Record no. 80999)
[ view plain ]
| 000 -LEADER | |
|---|---|
| fixed length control field | 00898nam a2200205 a 4500 |
| 001 - CONTROL NUMBER | |
| control field | 80999 |
| 003 - CONTROL NUMBER IDENTIFIER | |
| rucl marc code | BD-RjUL |
| 005 - DATE AND TIME OF LATEST TRANSACTION | |
| control field | 20221220151047.0 |
| 008 - FIXED-LENGTH DATA ELEMENTS--GENERAL INFORMATION | |
| fixed length control field | 221220s1987 ii |||||||||||||||||ara d |
| 035 ## - SYSTEM CONTROL NUMBER | |
| System control number | (BD-RjUL)80999 |
| 040 ## - CATALOGING SOURCE | |
| Original cataloging agency | NNL |
| Language of cataloging | ara |
| Transcribing agency | BD-RjUL |
| 041 0# - LANGUAGE CODE | |
| Language code of text/sound track or separate title | ara |
| 082 ## - DEWEY DECIMAL CLASSIFICATION NUMBER | |
| Edition number | 23 |
| Classification number | 297.74 |
| Author mark and year | NAD 1987 |
| 100 1# - MAIN ENTRY--PERSONAL NAME | |
| Personal name | الندوي، ابو الحسن علي، Al-Nadawi, Abu Al-Hassan Ali. |
| Dates associated with a name | 1913-1999 |
| 9 (RLIN) | 6389 |
| 245 14 - TITLE STATEMENT | |
| Title | الدعوة الاسلامية في العصر الحاضر : :جبهانها الحاسمة ومجالاتها الرئيسية aldaewat aliaslamiat fi aleasr alhadir : jabhanuha alhasimat wamajalatuha alrayiysia / |
| Statement of responsibility, etc. | أبو الحسن علي الحسني الندوي. Al-Hassan Ali Al-Hasani Al-Nadawi. |
| 260 ## - PUBLICATION, DISTRIBUTION, ETC. (IMPRINT) | |
| Place of publication, distribution, etc. | [Hind : |
| Name of publisher, distributor, etc. | musasat al sahafah ، |
| Date of publication, distribution, etc. | 1987 |
| 300 ## - PHYSICAL DESCRIPTION | |
| Pagination | 23ص. |
| Size | 18 cm |
| 650 ## - SUBJECT ADDED ENTRY--TOPICAL TERM | |
| Topical term or geographic name as entry element | Islam |
| Form subdivision | Dawat |
| 9 (RLIN) | 6390 |
| 942 ## - ADDED ENTRY ELEMENTS (KOHA) | |
| Source of classification or shelving scheme | Dewey Decimal Classification |
| Koha item type | Books |
| Lost status | Source of classification or shelving scheme | Damaged status | Not for loan | Collection code | Permanent Location | Current Location | Shelving location | Date acquired | Source of acquisition | Cost, normal purchase price | Total Checkouts | Full call number | Date last seen | Copy number | Koha item type |
|---|---|---|---|---|---|---|---|---|---|---|---|---|---|---|---|
| Dewey Decimal Classification | Not For Loan | Non-fiction | Central Library, University of Rajshahi | Central Library, University of Rajshahi | Reading Room | 29/04/1992 | Abacas books, London | 0.13 | A 297.74 NAD 1987 | 20/12/2022 | C-1 | Books |